000 00294 a2200109 4500
999 _c42
_d42
003 Nust
005 20170427120109.0
008 170427b xxu||||| |||| 00| 0 eng d
020 _a9789699473968
040 _c0
082 _a428.6 AUS
100 _aAuston, Jane
245 _aPride and Prejudice
_cJane Auston
260 _aLahore :
_bAlqa publication,
_c2014
300 _aiii, 490p. :
_bill. ;
_c23 cm
500 _aP.B
650 _aPride and Prejudice
942 _2ddc
_cBK
_k428.6 AUS